Yüklüyor......
Nammude sahithyakaranmar Part.9 /
| Yazar: | |
|---|---|
| Materyal Türü: | Printed Book |
| Dil: | Malayalam |
| Baskı/Yayın Bilgisi: |
S.P.C.S. ,
1960.
|
| Konular: |
| LEADER | 00518nam a2200157Ia 4500 | ||
|---|---|---|---|
| 008 | 150624b xxu||||| |||| 00| | mal d | ||
| 999 | |c 71617 |d 71617 | ||
| 082 | |a 850.9 | ||
| 100 | |a Kunju Krishnan Pallipatt | ||
| 245 | |c Kunju Krishnan Pallipatt |a Nammude sahithyakaranmar Part.9 / | ||
| 260 | |b S.P.C.S. , |c 1960. | ||
| 300 | |a 227 p. | ||
| 546 | |a In Malayalam. | ||
| 650 | |a Criticism | ||
| 942 | |c BK | ||
| 952 | |0 0 |1 0 |2 ddc |4 0 |6 850_900000000000000_KUN_N_9_M |7 0 |9 71584 |a UL |b UL |c ST2 |d 1998-08-28 |l 0 |o 850.9 KUN/N.9 M |p 1600 |r 2012-10-27 |y BK | ||